00645nam a2200217 a 450000100060000000300080000600500170001400800410003102000150007203500190008704000320010604100080013808200220014610000290016824500520019725000170024926000330026630000250029950400660032465100370039065334BD-RjUL20211209081418.0170331s1998 nyu b 000 0 eng d a0452011817 a(BD-RjUL)65464 aDLCcDLCdDLCdBD-RjULbeng aeng00a960223bHAA 19981 aHarris, Joseph E.d1929-10aAfricans and their history /cJoseph E. Harris. a2nd rev. ed. aNew York :bMeridian,c1998. axi, 337 p. ;c21 cm. aIncludes bibliographical references (p. [303]-328) and index. 0aAfricaxPolitics and government.